000 00272nam a22001217a 4500
008 170627b xxu||||| |||| 00| 0 eng d
041 _aeng
080 _a82
100 _a21
101 _aGJL
245 _aENGLISH PROSE AND POETRY 1660-1800
_cSHEPARD,O
942 _2udc
_cBK
999 _c19263
_d19263